NFL Players Name Chain #1 - Statistics

General Stats
  • This quiz has been taken 559 times
    381 since last reset
  • The average score is 6 of 15
Answer Stats
Team Position Player % Correct
Bills WR Stefon Diggs
99%
Cowboys RB Ezekiel Elliott
67%
Commanders QB Sam Howell
65%
Buccaneers RB Leonard Fournette
58%
Cheifs TE Travis Kelce
56%
Saints QB Tayson Hill
39%
Bengals K Evan McPherson
32%
Jaguars TE Evan Engram
29%
Commanders TE Logan Thomas
24%
49'ers RB Elijah Mitchell
23%
Bengals RB Samaje Perine
22%
Jets WR Elijah Moore
19%
Panthers WR Laviska Shenault
12%
Titans WR Nick Westbrook-Ikhine
12%
Ravens WR Sammy Watkins
8%
No matching quizzes found
Score Distribution
Percent of People with Each Score
Percentile by Number Answered
Your Score History
You have not taken this quiz since the last reset